Natural durability of rubber wood (Record no. 48248)

MARC details
000 -LEADER
fixed length control field 00428nam a2200109Ia 4500
100 ## - MAIN ENTRY--AUTHOR NAME
Personal name Gnanaharan R
245 #0 - TITLE STATEMENT
Title Natural durability of rubber wood
260 ## - PUBLICATION, DISTRIBUTION, ETC. (IMPRINT)
Name of publisher In: Rubber Wood Processing and Utilization in India (Eds. R. Gnanaharan, K. Tharian George and K. Damodaran). Ganesh Publications, 2002, Bangalore, India, pp.19-22.
Year of publication 2002
700 ## - ADDED ENTRY--PERSONAL NAME
Personal name Ananthanarayanan S
942 ## - ADDED ENTRY ELEMENTS (KOHA)
Koha item type Bibliography RLWO
Holdings
Withdrawn status Lost status Damaged status Not for loan Home library Current library Date acquired Koha item type
      Bibliography RRII Library RRII Library 31/12/2021 Bibliography RLWO